000 01048nam a2200253Ia 4500
003 OSt
005 20210917174824.0
008 210310s1982 ck ad fr 000 0 spa d
040 _aCO-JMCR
_cCO-JMCR
041 0 _aspa
082 0 4 _a339.209861 /
_bE137c1
_223
100 1 _aEastman, Jorge Mario,
_917686
_ecompilador
245 1 0 _aConcentración de la riqueza y del ingreso en Colombia /
_cJorge Mario Eastman, compilación y comentarios ; [prólogo por Alfonso López Michelsen]
250 _aSegunda edición
260 _aBogotá :
_bCámara de Representantes,
_c1982
300 _a563 páginas :
_bilustraciones y gráficas a blanco y negro ;
_c24 cm.
490 0 _aColección pensadores políticos colombianos ;
_v22
500 _aIncluye notas a pie de página.
505 0 _aInformes -- Intervenciones en la mesa redonda
650 1 4 _aDistribución del ingreso
_917688
_zColombia
650 2 4 _aRiqueza
_xAspectos económicos
_ySiglo XX
_zColombia
_940628
700 1 _aLópez Michelsen, Alfonso,
_eprologuista
_912322
942 _2ddc
_cBK
999 _c8580
_d8580